Best Selling Car Brands Of 2019 - Statistics

General Stats
  • This quiz has been taken 64 times
  • The average score is 19 of 30
Answer Stats
Rank Sales Brand % Correct
1 2,284,000 Ford
95%
2 2,085,000 Toyota
95%
15 324,000 BMW
91%
4 1,450,000 Honda
89%
14 352,000 Mercedes-Benz
89%
9 688,000 Hyundai
85%
5 1,227,000 Nissan
84%
13 363,000 Volkswagen
84%
3 1,942,000 Chevrolet
78%
10 614,000 Kia
75%
18 224,000 Audi
73%
29 61,000 Porsche
67%
17 278,000 Mazda
64%
20 195,000 Tesla
64%
22 156,000 Cadillac
62%
12 422,000 Dodge
62%
7 703,000 Ram
62%
23 126,000 Chrysler
60%
24 121,000 Mitsubishi
58%
6 923,000 Jeep
53%
16 298,000 Lexus
53%
28 94,000 Land Rover
51%
19 206,000 Buick
47%
8 700,000 Subaru
47%
11 564,000 GMC
45%
27 108,000 Volvo
45%
26 112,000 Lincoln
44%
25 117,000 Infiniti
40%
21 157,000 Acura
38%
30 36,000 Mini
33%
No matching quizzes found
Score Distribution
Percent of People with Each Score
Percentile by Number Answered
Your Score History
You have not taken this quiz